00752cam a2200181 a 450000100100000000500170001000800410002704000250006808200170009310000470011024501260015726000290028330000210031265000490033365000530038295201200043599900150055500000342120200929150434.0860227s1971 sp 001 f spa  aDO-SdBNPbspacBNPHU a863.6bM829n1 aMorán López, Fernándo.d1926-91066510aNovela y semidesarrollo :buna interpretación de la novela hispanoamericana y española /cFernándo Morán López. aMadrid :bTaurus,c1971. a431 p. ;c21 cm. 4aNovela españolaxHistoriaySIGLO XX910666 4aLiteratura españolaxHistoriaySIGLO XX910667 001052708MOaGRbGRcCTd2009-07-08iLF1l0o863.6 M829np3421-10r2020-06-25w2020-06-25y2ZPréstamo interno c3251d3251